| 000 | 02407nam a2200541 i 4500 | ||
|---|---|---|---|
| 001 | 52674 | ||
| 003 | KOSZ 005 | ||
| 005 | 20201016140412.0 | ||
| 008 | 060111s2005 pl a f |000 0 pol | ||
| 015 | _aUWD 2008/8638 | ||
| 035 | _a991029195879705066 | ||
| 035 | _a(PL-WaBN)b17890615-48omnis_nlop | ||
| 035 | _ab17890615 | ||
| 035 | _a(OCoLC)749621599 | ||
| 035 | _a(PL)b0000001789061 | ||
| 035 | _a(EXLNZ-48OMNIS_NETWORK)9910348733905606 | ||
| 040 |
_aWA N _cWA N _dKOSZ 005/HR |
||
| 041 | 0 |
_apol _beng |
|
| 046 | _k2005 | ||
| 080 | _a621.313.3-192 | ||
| 080 | _a004.032.26 | ||
| 100 | 1 |
_aKowalski, Czesław _d(1926-1992) _eAutor |
|
| 245 | 1 | 0 |
_aMonitorowanie i diagnostyka uszkodzeń silników indukcyjnych z wykorzystaniem sieci neuronowych / _cCzesław T. Kowalski. |
| 246 | 1 | 3 | _aMonitoring and diagnostics of the induction motor faults using neural networks |
| 246 | 1 | 8 | _aMonitorowanie i diagnostyka uszkodzeń silników indukcyjnych... |
| 260 |
_aWrocław : _bOficyna Wydawnicza Politechniki Wrocławskiej, _c2005. |
||
| 300 |
_a226 s. : _bil. ; _c24 cm. |
||
| 336 |
_aTekst _btxt _2rdacontent |
||
| 337 |
_aBez urządzenia pośredniczącego _bn _2rdamedia |
||
| 338 |
_aWolumin _bnc _2rdacarrier |
||
| 380 | _aKsiążki | ||
| 380 | _aPublikacje naukowe | ||
| 385 | _m2001- | ||
| 490 | 1 |
_aPrace Naukowe Instytutu Maszyn, Napędów i Pomiarów Elektrycznych Politechniki Wrocławskiej. Monografie = _aScientific Papers of the Institute of Electrical Machines Drives and Metrology of the Wrocław University of Technology. Monographs ; _v18 |
|
| 500 | _aISSN i numeracja serii gł.: 1733-0718 ; 57. | ||
| 504 | _aBibliogr. s. 206-221. | ||
| 546 | _aStreszcz. ang. Spis treści także ang. | ||
| 650 | 7 |
_aDiagnostyka techniczna _2DBN |
|
| 650 | 7 |
_aSieci neuronowe _2DBN |
|
| 650 | 7 |
_aSilniki asynchroniczne _2DBN |
|
| 658 | _aInżynieria i technika | ||
| 710 | 2 |
_aOficyna Wydawnicza Politechniki Wrocławskiej _4pbl |
|
| 830 | 0 |
_aPrace Naukowe Instytutu Maszyn, Napędów i Pomiarów Elektrycznych Politechniki Wrocławskiej _v57 |
|
| 830 | 0 |
_aPrace Naukowe Instytutu Maszyn, Napędów i Pomiarów Elektrycznych Politechniki Wrocławskiej. _pMonografie _v18 |
|
| 856 |
_uhttp://koha.tu.koszalin.pl/cgi-bin/koha/opac-detail.pl?biblionumber=52674 _yKatalog online BPK |
||
| 942 |
_2UKD _cKS |
||
| 999 |
_c52674 _d52674 |
||